Central Library OPAC University of Rajshahi

خلىفۃ الزاهد : حضرت عمر بن عبدالعزىز / K̲h̲alīfatulzāhid : Ḥaẓrat ʻUmar ibn ʻAbdulʻazīz / (Record no. 86454)

MARC details
000 -LEADER
fixed length control field 01032nam a22002297a 4500
001 - CONTROL NUMBER
control field 86454
003 - CONTROL NUMBER IDENTIFIER
rucl marc code BD-RjUL
005 - DATE AND TIME OF LATEST TRANSACTION
control field 20260510112259.0
008 - FIXED-LENGTH DATA ELEMENTS--GENERAL INFORMATION
fixed length control field 260510s1989 pk ||||| |||| 00| 0 urd d
035 ## - SYSTEM CONTROL NUMBER
System control number (BD-RjUL)86454
040 ## - CATALOGING SOURCE
Original cataloging agency BD-RjUL
Language of cataloging eng
Transcribing agency BD-RjUL
041 ## - LANGUAGE CODE
Language code of text/sound track or separate title urd
082 ## - DEWEY DECIMAL CLASSIFICATION NUMBER
Edition number 23
Classification number 954.02092
Author mark and year SYK 1989
100 ## - MAIN ENTRY--PERSONAL NAME
Personal name سيد الاهل، عبد العزيز ;; Syed Al Ahle, Abdul Aziz
9 (RLIN) 18417
245 ## - TITLE STATEMENT
Title خلىفۃ الزاهد : حضرت عمر بن عبدالعزىز / K̲h̲alīfatulzāhid : Ḥaẓrat ʻUmar ibn ʻAbdulʻazīz /
Statement of responsibility, etc. مصنّف، عبدالعزىز سىّدالاهل؛ ترجمہ، مولانا راغب رحمانى, (/ muṣannif, ʻAbdulʻazīz Sayyidulahl; tarjumah, Maulānā Rāg̲h̲ib Raḥmānī,
264 ## - PRODUCTION, PUBLICATION, DISTRIBUTION, MANUFACTURE, AND COPYRIGHT NOTICE
Place of production, publication, distribution, manufacture Karāchī:
Name of producer, publisher, distributor, manufacturer نفیس اکیڈیمى ،, / Nafīs Akeḍemī,
Date of production, publication, distribution, manufacture, or copyright notice 1989
300 ## - PHYSICAL DESCRIPTION
Pagination 400 p. ;;
Size 23 cm
600 ## - SUBJECT ADDED ENTRY--PERSONAL NAME
Personal name Ḥaẓrat ʻUmar ibn ʻAbdulʻazīz
650 ## - SUBJECT ADDED ENTRY--TOPICAL TERM
Topical term or geographic name as entry element Biography
700 ## - ADDED ENTRY--PERSONAL NAME
Personal name رحمانى، راغب، ;; Rahmani, Raghib
942 ## - ADDED ENTRY ELEMENTS (KOHA)
Source of classification or shelving scheme Dewey Decimal Classification
Koha item type Books
Holdings
Lost status Source of classification or shelving scheme Damaged status Not for loan Collection code Permanent Location Current Location Shelving location Date acquired Total Checkouts Full call number Date last seen Copy number Koha item type
  Dewey Decimal Classification   Not For Loan Non-fiction Central Library, University of Rajshahi Central Library, University of Rajshahi Reading Room 10/05/2026   U 954.02092 SYK 1989 10/05/2026 C-1 Books